Verejné osvetlenie na Slovensku : súčasný stav a perspektívy

Guardado en:
Detalles Bibliográficos
Autores principales: Gašparovský, Dionýz, 1971- (Autor), Smola, Alfonz, 1951- (Autor), Herdová, Bronislava (Autor)
Formato: Libro
Lenguaje:eslovaco
Publicado: Bratislava : TYPHOON, 2004
Materias:
Etiquetas: Agregar Etiqueta
Sin Etiquetas, Sea el primero en etiquetar este registro!

MARC

LEADER 00000nam a22000003a 4500
001 stu91466
005 20220321183601.7
008 041110s2004----xo------------------slo-d
020 |a 80-969232-3-4 
040 |a STU  |b slo 
041 0 |a slo 
044 |a xo 
080 |a 628.971 
100 1 |a Gašparovský, Dionýz,  |d 1971-  |4 aut  |u E020  |U FEI Fakulta elektrotechniky a informatiky  |T FEI Ústav elektroenergetiky a aplikovanej elektrotechniky  |X 1935  |U E020  |Y 548  |7 A000001935 
245 1 |a Verejné osvetlenie na Slovensku :  |b súčasný stav a perspektívy 
260 |a Bratislava :  |b TYPHOON,  |c 2004 
300 |a 71 s 
650 7 |a vonkajšie osvetlenie  |2 stusub 
700 1 |a Smola, Alfonz,  |d 1951-  |4 aut  |u E020  |U FEI Fakulta elektrotechniky a informatiky  |T FEI Ústav elektroenergetiky a aplikovanej elektrotechniky  |X 1989  |U E020  |Y 548  |7 A000001989 
700 1 |a Herdová, Bronislava  |4 aut 
996 |b 284EK85403  |c E*85403  |l EE01  |s A  |a 24  |w stu91466_0001